000 00604nam a22002417a 4500
003 UA-OsUOA
001 130745
007 ta
008 20180510b un ||||| |||| 00| 0 ukr d
090 _a247.3
942 _cBK
040 _aUA-OsUOA
_bpol
_cUA-OsUOA
_dUA-OsUOA
245 _aCmentarze po obu stronach Bugu
_cH. Arkuszun
300 _a342 s.
955 _a1
041 _apol
080 _a247.3
020 _a978-83-937611-04
260 _aWlodawa
_bTPPP
_c2014
650 7 _a2 Релігія. Теологія.
_2UDC
999 _c418969
_d418969